Biology / (Record no. 119318)

MARC details
000 -LEADER
campo de control de longitud fija 02907cam a22004457i 4500
003 - IDENTIFICADOR DE NÚMERO DE CONTROL
campo de control BJBSDDR
005 - FECHA Y HORA DE LA ÚLTIMA TRANSACCIÓN
campo de control 20230805181433.0
007 - CAMPO FIJO DE DESCRIPCIÓN FÍSICA--INFORMACIÓN GENERAL
campo de control de longitud fija ta
008 - DATOS DE LONGITUD FIJA--INFORMACIÓN GENERAL
campo de control de longitud fija 080523 2017
020 ## - NÚMERO INTERNACIONAL ESTÁNDAR DEL LIBRO
Número Internacional Estándar del Libro 9781119345374 (pbk.)
020 ## - NÚMERO INTERNACIONAL ESTÁNDAR DEL LIBRO
Número Internacional Estándar del Libro 1119345375
035 ## - NÚMERO DE CONTROL DEL SISTEMA
Número de control de sistema (OCoLC)ocn956395631
040 ## - FUENTE DE CATALOGACIÓN
Centro catalogador/agencia de origen YDXCP
Lengua de catalogación eng
Centro/agencia transcriptor YDXCP
041 ## - CÓDIGO DE IDIOMA
Código de lengua del texto/banda sonora o título independiente spa
042 ## - CÓDIGO DE AUTENTICACIÓN
Código de autenticación lccopycat
050 14 - SIGNATURA TOPOGRÁFICA DE LA BIBLIOTECA DEL CONGRESO
Número de clasificación QH 307.2
Número de ítem K89b 2017
082 04 - NÚMERO DE LA CLASIFICACIÓN DECIMAL DEWEY
Número de clasificación 570
Número de edición 23
100 ## - ENTRADA PRINCIPAL--NOMBRE DE PERSONA
Nombre de persona Kratz, Rene Fester,
245 10 - MENCIÓN DEL TÍTULO
Título Biology /
Mención de responsabilidad, etc. by René Fester Kratz.
246 3# - FORMA VARIANTE DEL TITULO
Título propio/Titulo breve Biology for dummies
250 ## - MENCION DE EDICION
Mención de edición 3rd edition.
264 #1 - PRODUCCIÓN, PUBLICACIÓN, DISTRIBUCIÓN, FABRICACIÓN Y COPYRIGHT
Producción, publicación, distribución, fabricación y copyright Hoboken, NJ :
Nombre del de productor, editor, distribuidor, fabricante John Wiley & Sons,
Fecha de producción, publicación, distribución, fabricación o copyright 2017.
300 ## - DESCRIPCIÓN FÍSICA
Extensión 390 pages :
Otras características físicas illustrations ;
Dimensiones 24 cm.
336 ## - TIPO DE CONTENIDO
Término de tipo de contenido text
Código de tipo de contenido txt
Fuente rdacontent
337 ## - TIPO DE MEDIO
Nombre/término del tipo de medio unmediated
Código del tipo de medio n
Fuente rdamedia
338 ## - TIPO DE SOPORTE
Nombre/término del tipo de soporte volume
Código del tipo de soporte nc
Fuente rdacarrier
500 ## - NOTA GENERAL
Nota general "For dummies®, a Wiley brand"-- Title page.
500 ## - NOTA GENERAL
Nota general "Learning made easy"-- Cover.
500 ## - NOTA GENERAL
Nota general Includes index.
505 0# - NOTA DE CONTENIDO CON FORMATO
Nota de contenido con formato Biology basics. Exploring the living world ; How life is studied ; The chemistry of life ; The living cell ; Acquiring energy to run the motor -- Let's talk about sex, baby : cell reproduction and genetics. Dividing to conquer : cell division ; Making Mendel proud : understanding genetics ; Reading the Book of Life : DNA and proteins ; Engineering the code : DNA technology -- It's a small, interconnected world. Exploring the living world : biodiversity and classification ; Observing how organisms get along ; Evolving species in an ever-changing world -- Systems galore! : animal structure and function. Pondering the principles of physiology ; Moving and shaking : skeletal and muscular systems ; Going with the flow : respiratory and circulatory systems ; Checking out the plumbing : animal digestive and excretory systems ; Fighting back : human defenses ; The nervous and endocrine systems, messengers extraordinaire ; Reproduction 101 : making more animals -- It's not easy being green : plant structure and function. Living the life of a plant ; Probing into plant physiology -- The part of tens. Ten great biology discoveries ; Ten ways biology affects your life.
520 ## - RESUMEN, ETC.
Sumario, etc. Biology is one of the top two major sciences (chemistry is the other) taught in the classroom at any level, and students of all different aptitudes and propensities are required to take biology. For a new and more focused audience Biology For Dummies, 3rd Edition is a course supplement for those students currently enrolled in an introductory biology course whether at the high school or fundamental college level (non-majors). --
Fuente proveedora Publisher.
650 #0 - PUNTO DE ACCESO ADICIONAL DE MATERIA--TÉRMINO DE MATERIA
Término de materia o nombre geográfico como elemento de entrada Biology.
650 #4 - PUNTO DE ACCESO ADICIONAL DE MATERIA--TÉRMINO DE MATERIA
Término de materia o nombre geográfico como elemento de entrada Biología
9 (RLIN) 6160
650 #4 - PUNTO DE ACCESO ADICIONAL DE MATERIA--TÉRMINO DE MATERIA
Término de materia o nombre geográfico como elemento de entrada Biología
9 (RLIN) 29040
Subdivisión general Estudio y enseñanza
Subdivisión de forma Guías y manuales
650 #7 - PUNTO DE ACCESO ADICIONAL DE MATERIA--TÉRMINO DE MATERIA
Término de materia o nombre geográfico como elemento de entrada Biology
Subdivisión general Study and teaching.
655 #7 - TERMINO DE INDIZACIÓN--GENERO/FORMA
Datos o término principal de género/forma Handbooks and manuals.
Fuente del término fast
Número de control del registro de autoridad o número normalizado (OCoLC)fst01423877
655 #7 - TERMINO DE INDIZACIÓN--GENERO/FORMA
Datos o término principal de género/forma Handbooks and manuals.
Fuente del término lcgft
830 #0 - PUNTO DE ACCESO ADICIONAL DE SERIE-TÍTULO UNIFORME
Título uniforme --For dummies.
942 ## - ELEMENTOS DE ENTRADA SECUNDARIOS (KOHA)
Fuente del sistema de clasificación o colocación Clasificación de Library of Congress
Tipo de ítem Koha Libro
Holdings
Estatus retirado Estado de pérdida Estado de daño No para préstamo Colección Biblioteca de origen Biblioteca actual Ubicación en estantería Fecha de adquisición Signatura topográfica completa Código de barras Visto por última vez Copia número Tipo de ítem Koha
        Humanidades Biblioteca Juan Bosch Biblioteca Juan Bosch Humanidades (4to. Piso) 08/05/2023 QH 307.2 K89b 2017 00000163236 08/05/2023 1 Libro